000
00319nam a22001337a 4500
008
170406b xxu||||| |||| 00| 0 eng d
020
_a
0721612423
041
_a
eng
080
_2
3 ED
_a
575
100
_a
9
101
_a
SHM
245
_a
IMUNOLOGIC DISORDERS IN INFACTS AND CHILDREN
_c
ABRAMSON.J.S
942
_2
udc
_c
BK
999
_c
9987
_d
9987